UBT Library

The style sourcebook / (Record no. 42605)

000 -LEADER
fixed length control field 00681cam a2200229 a 4500
001 - CONTROL NUMBER
control field 3545019
005 - DATE AND TIME OF LATEST TRANSACTION
control field 20180215041753.0
008 - FIXED-LENGTH DATA ELEMENTS--GENERAL INFORMATION
fixed length control field 970908s1998 nyua r 001 0 eng
010 ## - LIBRARY OF CONGRESS CONTROL NUMBER
LC control number 97041166
020 ## - INTERNATIONAL STANDARD BOOK NUMBER
International Standard Book Number 1556706316
040 ## - CATALOGING SOURCE
Original cataloging agency DLC
Transcribing agency DLC
Modifying agency DLC
041 ## - LANGUAGE CODE
Language code of text/sound track or separate title eng
043 ## - GEOGRAPHIC AREA CODE
Geographic area code n-us---
080 ## - UNIVERSAL DECIMAL CLASSIFICATION NUMBER
Universal Decimal Classification number 745.4029473 JUD
082 00 - DEWEY DECIMAL CLASSIFICATION NUMBER
Classification number 745.4029473 JUD
Edition number 21
100 1# - Rafti
Rafti 48
101 ## - Shkurtesa
Shkurtesa EDU
245 14 - TITLE STATEMENT
Title The style sourcebook /
Statement of responsibility, etc Judith Miller.
906 ## - LOCAL DATA ELEMENT F, LDF (RLIN)
a 7
b cbc
c orignew
d 1
e ocip
f 19
g y-gencatlg
942 ## - ADDED ENTRY ELEMENTS (KOHA)
Source of classification or shelving scheme
Item type Books
Holdings
Withdrawn status Lost status Source of classification or shelving scheme Damaged status Not for loan Collection code Permanent location Current location Shelving location Date acquired Total Checkouts Full call number Barcode Date last seen Price effective from Koha item type
          Koleksioni i përgjithshem UBT - Lipjan UBT - Lipjan Koleksioni i përgjithshem 02/15/2018   745.4029473 JUD 002-2998222 02/15/2018 02/15/2018 Books
UBT Library © 2015-2024. All rights reserved University Education for Business and Technology